LEADER 01571nam a2200337 a 4500 001 000000126662 003 CaOOAMICUS 005 20111025105354.0 008 111025s2011 it u000 u ita r 020 $a978-88-89341-30-8 040 $aPUL$bita 082 04$a945.08 245 00$aPio IX e la Questione Romana :$bAtti del Convegno sul cardinal Vincenzo Santucci (1796-1861) /$cA cura di Omar Ebrahime ; Prefazione di Mons. Luigi Negri. 260 $aCrotone :$bD'Ettoris,$cİ2011. 300 $a143 p. ;$c17 cm 490 1 $aSentieri ;$v3 500 $aConvegno del 12 agosto 2011, nel 150. anniversario della morte del Cardinal Santucci. 504 $aBibliografia in nota. 650 4$aQuestione romana.$0(OLS)http://pul/subject/3096 651 4$aItalia$xStoria$y1849-1870.$0(OLS)http://pul/subject/45 700 1 $aNegri, Luigi,$csac.,$d1941-$0(OLS)http://pul/name/35418 700 1 $aEbrahime, Omar.$0(OLS)http://pul/name/80738 830 0$aSentieri (D'Ettoris) ;$v3.$0(OLS)http://pul/title/159989 850 $aPUL 852 $aPUL$W1$xSL Cons. Gen., Altre Classi 3$y75$m945. 08 EBROM 1$j146448$qDDC 21$B145157$CPULBib$Z2$F145157 $H118081 $82 941 1 $a9 996 $6020$a978-88-89341-30-8$9(OLS)http://pul/number/148219 996 $6082$a945.08$9(OLS)http://pul/classification/1911 996 $6245$aPio IX e la Questione Romana :$bAtti del Convegno sul cardinal Vincenzo Santucci (1796-1861)$9(OLS)http://pul/title/159988 996 $6260$aCrotone :$bD'Ettoris$9(OLS)http://pul/publisher/79455 LEADER 01120nam a2200277 a 4500 001 000000136615 003 CaOOAMICUS 005 20131203101629.0 008 131203s2002 it a u000 u ita r 040 $aPUL$bita 041 1 $aita$hrus 100 1 $a?ehov, Anton Pavlovi?,$d1860-1904.$0(OLS)http://pul/name/37928 245 10$aIvanov /$cdi Anton Cechov ; traduzione di Vittorio Strada ; regia Eimuntas Nekrosius ; ... [et al.]. 260 $a[S.l. :$bs.n.]$eRoma :$fLineagrafica,$g2002 300 $a139 p. :$bill. ;$c24 cm 500 $aIn testa al front.: Teatro Argentina 11/29 marzo 2002. 650 4$aBioetica.$0(OLS)http://pul/subject/2868 700 1 $aStrada, Vittorio,$d1929-$0(OLS)http://pul/name/10371 700 1 $aNekrosius, Eimuntas.$0(OLS)http://pul/name/88031 850 $aPUL 852 $aPUL$W1$xDP1 Fondo E. Rossi$y115$m2 E 14$j5856$qFondi$B156817$CPULBib$Z2$F156817 $82 941 1 $a1 961 $aSul dorso collocazione ms. di E. Rossi: V 10 1 996 $6245$aIvanov$9(OLS)http://pul/title/172907 996 $6260$a[S.l. :$bs.n.]$9(OLS)http://pul/publisher/81594